Sidon : the old town =
| Main Author: | |
|---|---|
| Format: | Book |
| Published: |
[s.l]:
Fondation Hariri,
[199-].
|
| Subjects: |
| LEADER | 00497cam a2200169 7i4500 | ||
|---|---|---|---|
| 001 | 0000006066 | ||
| 005 | 19991025090000.0 | ||
| 002 | ##000007718 | ||
| 020 | 0 | 0 | |a T000005980 |
| 090 | 0 | 0 | |a LEAN 910.202 |b SAM |
| 100 | 0 | 0 | |a Sami Karkabi |
| 245 | 0 | 0 | |a Sidon : |b the old town = |l Saida la vielle ville. |
| 260 | 0 | 0 | |a [s.l]: |b Fondation Hariri, |c [199-]. |
| 300 | 0 | 0 | |a 223 p.. |
| 650 | 0 | 0 | |a Saido, Labenon -- |x Description and travel |
| 651 | 0 | 0 | |a Lebanon |
| 999 | |a 0000008907 |b Book |c Open shelf |e Business Information Centre | ||